Statistics for 1M+ Cities By Letter On A Map - I

Click here to take the quiz!

General Stats

  • This quiz has been taken 212 times
  • The average score is 4 of 6

Answers on the Map

Answers color-coded by a green-red scale on the quiz's map according to % correct below.
 

Answer Stats

PopulationCity% Correct
14,804,116Istanbul
100%
2,500,603Izmir
87%
2,628,000Incheon
69%
3,565,108Ibadan
67%
1,547,164Isfahan
65%
1,837,041Indore
48%

Score Distribution

Percentile by Number Answered

Percent of People with Each Score

Your Score History

You have not taken this quiz